| 000 | 00478nam a2200145 a 4500 | ||
|---|---|---|---|
| 001 | 000041657 | ||
| 005 | 20201002035705.0 | ||
| 008 | 131015s1975 sp 000 0 spa d | ||
| 040 |
_aDO-SdBNP _bspa _cBNPHU |
||
| 245 | 0 | 3 |
_aLa mujer, la educación y la igualdad : _bdiez años de experimentación /. |
| 260 |
_aParís : _bUNESCO, _c1975. |
||
| 300 |
_a117 p. ; _c19 cm. |
||
| 490 | 1 |
_aBibliotheca scriptorum graecorum ; _v27 |
|
| 830 | 0 | 0 |
_aBibliotheca scriptorum graecorum ; _n27 _968448 |
| 999 |
_c41147 _d41147 |
||